00705nam a22001937a 4500003000400000020001800004082001600022100001800038245003500056250000800091260003000099300000800129650001400137653003500151942001200186952014800198952014800346999001700494SGT a9788184485134 a617.6bT09B aBATHLA, SHALU aTIPS & TRICKS IN PRIODONTOLOGY a1ST aINDIA bJAYPEE PUB c2009 a197 aDENTISTRY aTIPS & TRICKS IN PRIODONTOLOGY 2ddccBK 00102ddc40718MEDICALaFMbFMcREFd2025-11-29eABC DELHIg2175.00iSGTUl0o617.6 T09BpFM16205r2026-01-30 00:00:00w2025-11-29yBKk22053 00102ddc40718MEDICALaFMbFMcREFd2026-01-22eABC DELHIg2175.00iSGTUl0o617.6 T09BpFM16260r2026-03-05 00:00:00w2026-01-22yBKk22311 c33799d33799